000 00918nam a2200265 i 4500
003 DO-SdBNP
005 20230918104757.0
007 ta
008 230918b2023 dr abc|| |||| 00| 0 spa d
020 _a9581563285066
040 _aDO-SdBNP
_bspa
_cBNPHU
_erda
082 4 _222
100 _aMéndez Tejeda, Rafael,
_979618
_eautor
245 1 0 _aCentros reguladores del climadel Caribe /
_cRafael Méndez Tejeda ; dirección editorial y revisión, Patricia Gutiérrez ; prólogo Israel Matos
250 _a2a ed.
264 _aSanto Domingo :
_bPlaza Mayor,
_c2023
300 _a152 páginas :
_bilustraciones, mapas y retratos ;
_c23 cm.
336 _2rdacontent
_atexto
_btxt
337 _2rdamedia
_asin mediaciónn
_bn
338 _2rdacarrier
_avolumen
_bnc
500 _aIncluye datos biográficos del autor en la contracubierta
590 _aInventariado, 2023/BT
910 _aBtavárez
942 _2ddc
_cLBS1
999 _c54792
_d54792